<?xml version="1.0" encoding="UTF-8"?>
<record
    xmlns:xsi="http://www.w3.org/2001/XMLSchema-instance"
    xsi:schemaLocation="http://www.loc.gov/MARC21/slim http://www.loc.gov/standards/marcxml/schema/MARC21slim.xsd"
    xmlns="http://www.loc.gov/MARC21/slim">

  <leader>01131cam a22002771  4500</leader>
  <controlfield tag="001">gs 41000161 </controlfield>
  <controlfield tag="003">DLC</controlfield>
  <controlfield tag="005">20260227111347.0</controlfield>
  <controlfield tag="008">900507s1940    at abef  b   o000 0 eng  </controlfield>
  <datafield tag="010" ind1=" " ind2=" ">
    <subfield code="a">gs 41000161 </subfield>
  </datafield>
  <datafield tag="035" ind1=" " ind2=" ">
    <subfield code="a">(OCoLC)21486219</subfield>
  </datafield>
  <datafield tag="040" ind1=" " ind2=" ">
    <subfield code="a">DLC</subfield>
    <subfield code="c">TxU</subfield>
    <subfield code="d">TxU</subfield>
    <subfield code="d">DLC</subfield>
  </datafield>
  <datafield tag="050" ind1="0" ind2="0">
    <subfield code="a">QE348</subfield>
    <subfield code="b">.A2 no. 98, 99</subfield>
  </datafield>
  <datafield tag="082" ind1=" " ind2=" ">
    <subfield code="a">622.3421</subfield>
  </datafield>
  <datafield tag="110" ind1="2" ind2=" ">
    <subfield code="a">Geological Survey of Western Australia.</subfield>
  </datafield>
  <datafield tag="245" ind1="1" ind2="4">
    <subfield code="a">The mining groups of the Yilgarn Goldfield, south of the Great Eastern Railway ...</subfield>
  </datafield>
  <datafield tag="260" ind1=" " ind2=" ">
    <subfield code="a">Perth,</subfield>
    <subfield code="b">F.W. Simpson, Government Printer,</subfield>
    <subfield code="c">1940.</subfield>
  </datafield>
  <datafield tag="300" ind1=" " ind2=" ">
    <subfield code="a">2 v. in 4.</subfield>
    <subfield code="b">illus.</subfield>
    <subfield code="c">21 cm. +</subfield>
    <subfield code="e">atlas of plates ((incl. maps, plans) 33 cm.)</subfield>
  </datafield>
  <datafield tag="490" ind1="1" ind2=" ">
    <subfield code="a">Bulletin</subfield>
    <subfield code="v">98-99</subfield>
  </datafield>
  <datafield tag="504" ind1=" " ind2=" ">
    <subfield code="a">"Literature": pt. 1, p. 14-17; pt.2, p. 14-17.</subfield>
  </datafield>
  <datafield tag="505" ind1="0" ind2=" ">
    <subfield code="a">pt. 1. From Southern Cross southwards to Marvel Loch, by R.S. Matheson and R.A. Hobson.--pt. 2. South of Marvel Loch, by R.A. Hobson and R.S. Matheson.</subfield>
  </datafield>
  <datafield tag="650" ind1=" " ind2="0">
    <subfield code="a">Gold mines and mining</subfield>
    <subfield code="z">Australia</subfield>
    <subfield code="z">Western Australia.</subfield>
  </datafield>
  <datafield tag="700" ind1="1" ind2=" ">
    <subfield code="a">Matheson, Robert S.</subfield>
  </datafield>
  <datafield tag="700" ind1="1" ind2=" ">
    <subfield code="a">Hobson, Reginald Alan.</subfield>
  </datafield>
  <datafield tag="830" ind1=" " ind2="0">
    <subfield code="a">Bulletin (Geological Survey of Western Australia) ;</subfield>
    <subfield code="v">98-99.</subfield>
  </datafield>
  <datafield tag="999" ind1=" " ind2=" ">
    <subfield code="c">27746</subfield>
    <subfield code="d">27746</subfield>
  </datafield>
</record>
